Guide to Audit Data Analytics

Guardado en:
Detalles Bibliográficos
Formato: Libro
Lenguaje:inglés
Publicado: New York Wiley/AICPA 2017
Materias:
Etiquetas: Agregar Etiqueta
Sin Etiquetas, Sea el primero en etiquetar este registro!

MARC

LEADER 00000nam a2200000 4500
001 0248965
005 20240221120033.9
020 |a 978-1-94549-864-0 
041 0 |a eng 
044 |a US 
245 1 0 |a Guide to Audit Data Analytics 
264 1 |a New York  |b Wiley/AICPA  |c 2017 
300 |a 142 s. 
610 2 0 |a účtovníctvo 
610 2 0 |a audit 
610 2 0 |a audítori 
610 2 0 |a analýza dát 
610 2 0 |a výkazy finančné 
610 2 0 |a štandardy audítorské medzinárodné